00657 2200253 4500001002100000005001700021008004100038020002200079035002400101040001200125041000800137082001100145090001700156100001800173245004300191250001000234260002900244300002700273600002400300650003100324990001600355990001600371990001600387YOGYA-0113000000127220130121153247.0 ind  a978-979-168-249-7 0010-011300000001272 aYOPDYOG aInd a819.23 a819.23 Sup P aSUPARTO BRATA aPawesri tanpa idhentiticSUPARTO BRATA aCet.1 aYogyakartabNarasic2010 a392 hlmc23 cm (3 eks) aDhanu Priyo Prabowo aKesusastraan Jawa - cerita a645-PD/B.12 a644-PD/B.12 a643-PD/B.12